Responses for show #6033 - Wednesday, December 1, 2010

Contestants

Terence Scroope, an online marketing consultant originally from Dobbs Ferry, New York

Ariel Schneider, a biology student from West Lafayette, Indiana

Tom Zamojcin, a digital marketing manager from Phoenixville, Pennsylvania (whose 1-day cash winnings total $22,800)

Jeopardy! Round responses

AFTER ALASKA...
BEST PICTURE OSCAR WINNERS
TICKLE THE IVORIES
DEATH COMES FOR THE ARCHBISHOP
MY "B*FF"
(Alex: Each correct response will begin with the letter "B," and there will be two "F"s in that word.)
STUPID ANSWERS
    $200 17
Texas

Tom
    $200 2
West Side Story

Tom
    $200 12
Solomon

Ariel
    $200 26
Thomas Becket

Tom
    $200 1
a buffalo

Ariel
    $200 11
the new moon

Tom
    $400 18
(Ariel: What is Alabama?)
(Tom: What is Arkansas?)

Arizona

TomAriel
Triple Stumper
    $400 3
Annie Hall

Tom
    $400 13
Ivory Snow

Triple Stumper
    $400 27
Vietnam

Tom
    $400 7
boffo

Triple Stumper
    $400 14
Swan Lake

Ariel
    $600 19
Wyoming (Vermont & North Dakota)

Terence
    $600 4
It Happened One Night

Ariel
    $600 16
Ivory Coast

Terence
    $600 28
William the Conqueror

Ariel
    $600 8
a buffet

Ariel
    $600 15
Christmas Island

Tom
    $1,000 20
(Alex: Yes, Mt. Whitney.)

California

Terence
    $800 5
The Departed

Triple Stumper
    $800 22
an ivory tower

Tom
    $800 29
the Greek Orthodox Church

Tom
    $800 9
a bailiff

Ariel
    $800 24
Rock Band

Ariel
    $1000 21
(Terence: What is California?)

Florida

Terence
Triple Stumper
    $1000 6
The Lost Weekend

Triple Stumper
    $1000 23
the ivory-billed woodpecker

Ariel
    $1000 30
Bishop John O'Connor

Triple Stumper
    $1000 10
baffled

Ariel
    $1000 25
DOT (Dept. of Transportation)

Tom

Scores at the first commercial break (after clue 15):

Tom Ariel Terence
$1,400 $3,800 $0

Scores at the end of the Jeopardy! Round:

Tom Ariel Terence
$4,400 $5,800 $1,200

Double Jeopardy! Round responses

18th CENTURY HISTORY IN ART
PETS
BEYOND BELIEF
"W"ORDS
ME TARZAN
YOU JANE
    $400 13
(Terence:Who is Magellan?)

(Captain) Cook

TomTerence
    $400 6
allergies

Ariel
    $400 8
telepathy

Terence
    $400 1
a wafer

Tom
    $400 15
a lion

Tom
    $400 22
Jane Curtin

Tom
    $800 18
"The Marseillaise"

Ariel
    $800 7
(Ariel: What is diluted [*]?)
...
(Alex: You said "diluted," and it's dissolved [*].
All we needed was [*].)

oxygen

TomAriel
    $800 10
numerology

Ariel
    $800 2
a weevil

Tom
    $800 28
[End-of-round signal sounds.]

a loincloth

Tom
    $800 23
Jane Seymour

Tom
    $1200 19
Iran

Triple Stumper
    $1200 9
turtle

Tom
    $1200 14
palm reading (or palmistry)

Ariel
    $1200 3
whorls

Tom
    $1200 27
(Edgar Rice) Burroughs

Tom
    $1200 24
(Terence: Who is Jane Krasinski?)
[NOTE: John Krasinski plays Jim Halpert on The Office, which airs immediately following 30 Rock.]

Jane Krakowski

Terence
Triple Stumper
    $2,000 20
(Alex: Yes, in Philadelphia.
"Signing of the constitution.")

Independence Hall

Ariel
    $1600 11
the terrier

Ariel
    $1600 16
alchemy

Ariel
    $1600 4
writhe

Tom
    $2,000 26
(Tom: What is Greymont?)

Greystoke

Tom
    $1600 25
Jane Campion

Triple Stumper
    $2000 21
The Seven Years' War

Triple Stumper
    $2000 12
a hamster

Triple Stumper
    $2000 17
phrenology

Terence
    $2000 5
wile/while

Terence

Scores at the end of the Double Jeopardy! Round:

Tom Ariel Terence
$12,400 $13,400 $4,000

[wagering suggestions for these scores]

Final Jeopardy! Round responses

FRENCH AUTHORS
TerenceWho was [Vict crossed out] Hugo
$2,000
TomWho was Vidal?
$4,399
ArielWho was Camus?
$11,500
Albert Camus

Final scores:

Tom Ariel Terence
$8,001 $24,900 $2,000
2nd place: $2,000 New champion: $24,900 3rd place: $1,000

Game dynamics:

Coryat scores:

Tom Ariel Terence
$14,400 $13,000 $3,800
22 R,
2 W
(including 1 DD)
17 R
(including 1 DD),
2 W
6 R
(including 1 DD),
3 W

Combined Coryat: $31,200

The J! Archive is created by fans, for fans. The Jeopardy! game show and all elements thereof, including but not limited to copyright and trademark thereto, are the property of Jeopardy Productions, Inc. and are protected under law. This website is not affiliated with, sponsored by, or operated by Jeopardy Productions, Inc. Join the discussion at JBoard.tv.